000 01022cam a2200277 a 4500
005 20180803170316.0
008 120625s2009 ck ad r 000 0 spa d
020 _a9789589900765
040 _aCO-BoPUJ
_cCO-BoIAVH
041 0 _aspa
044 _ack
082 0 4 _a577.22
_bR69c
100 1 _aRodríguez Becerra, Manuel
_d1946-
245 1 0 _aCambio climático:
_blo que está en juego
_cManuel Rodríguez Becerra y Henry Mance
246 1 3 _aForo Nacional Ambiental
250 _a1a ed.
260 _aBogotá:
_bUniversidad de los Andes,
_bFescol,
_bWWF,
_bEcofondo,
_bFundación Alejandro Angel Escobar,
_bTrobenbos International,
_c2009.
300 _a73 páginas.
_bilustraciones, fotos, gráficas y mapas
_c29 cm.
504 _aIncluye referencias bibliográficas (p. 71-73).
650 1 4 _aEfecto invernadero
650 2 4 _aCalentamiento global
650 2 4 _aCambio climático
650 2 4 _aDiversidad biológica
700 1 _aMance, Henry
942 _2ddc
_cLIBRO
999 _c18864
_d18864